[Event "Wch FIDE Online U12 America qual"]
[Site "Tornelo INT"]
[Date "2020.12.03"]
[Round "6"]
[White "Smart, Jaheim"]
[Black "Amarilla Ettiene, Ezequiel"]
[Result "0-1"]
[WhiteElo "1333"]
[BlackElo "1177"]
[PlyCount "102"]
[EventDate "2020.12.01"]
[EventType "swiss (rapid)"]
[EventRounds "7"]
[EventCountry "ISS"]
[SourceTitle "EXT 2022"]
[Source "ChessBase"]
[SourceDate "2021.10.06"]
[SourceVersion "1"]
[SourceVersionDate "2021.10.06"]
[SourceQuality "1"]

1. e4 d5 2. exd5 Nf6 3. d6 cxd6 4. Nf3 g6 5. d4 Bg7 6. h3 0-0 7. Bd3 Nc6 8. Be3 e5 9. dxe5 dxe5 10. Nbd2 Re8 11. Ne4 Nxe4 12. Bxe4 Qxd1+ 13. Rxd1 Bf5 14. Bxf5 gxf5 15. c3 f4 16. Bc5 Rad8 17. 0-0 Bf6 18. Nh2 Rxd1 19. Rxd1 Rd8 20. Rxd8+ Bxd8 21. f3 Bb6 22. Bxb6 axb6 23. Ng4 Kg7 24. Kf1 f5 25. Nf2 Kf6 26. Ke2 Ke6 27. Kd3 Kd5 28. Nd1 e4+ 29. fxe4+ fxe4+ 30. Ke2 b5 31. Kd2 Ne5 32. b3 Ng6 33. Ke2 Nh4 34. Kf2 e3+ 35. Ke2 Nxg2 36. Nb2 Ke4 37. a4 f3+ 38. Kd1 e2+ 39. Kc2 e1Q 40. b4 Ne3+ 41. Kb3 bxa4+ 42. Nxa4 Qb1+ 43. Nb2 Nd1 44. Ka4 Nxb2+ 45. Kb5 Qd3+ 46. Kb6 Nc4+ 47. Ka7 Qe3+ 48. Kb8 Kd5 49. Ka8 Kc6 50. b5+ Kxb5 51. h4 Kb6 0-1